000
00280nam a2200121Ia 4500
008
190216s9999||||xx |||||||||||||| ||und||
100
_a
Aamir Ali
245
0
_a
Via Geneva
260
_b
Shri H G Mirchandani For Pearl Pub
_c
1967
300
_a
256p
650
_a
Novel
942
_c
BK
999
_c
11876
_d
11876